Power Semiconductor Drives (Record no. 5266)

MARC details
000 -LEADER
fixed length control field 00357nam a22001577a 4500
005 - DATE AND TIME OF LATEST TRANSACTION
control field 20161108114022.0
008 - FIXED-LENGTH DATA ELEMENTS--GENERAL INFORMATION
fixed length control field 161015b xxu||||| |||| 00| 0 eng d
020 ## - INTERNATIONAL STANDARD BOOK NUMBER
ISBN 978-93-83635-88-7
041 ## - LANGUAGE CODE
Language code of text/sound track or separate title eng
100 ## - MAIN ENTRY--AUTHOR NAME
Personal name Rao,P.V
245 ## - TITLE STATEMENT
Title Power Semiconductor Drives
260 ## - PUBLICATION, DISTRIBUTION, ETC. (IMPRINT)
Name of publisher B.S.P
300 ## - PHYSICAL DESCRIPTION
Number of Pages 310
650 ## - SUBJECT ADDED ENTRY--TOPICAL TERM
Topical Term Engineering
942 ## - ADDED ENTRY ELEMENTS (KOHA)
Koha item type Books
Holdings
Lost status Damaged status Collection code Home library Current library Shelving location Date acquired Source of acquisition Cost, normal purchase price Accession Number Koha item type
    Reference JRU Library   SHELF-72-B 15/10/2016 Purchase 395.00 21305 Books
    MINING JRU Library JRU Library SHELF-58-F 15/10/2016 Purchase 395.00 21306 Books
    MINING JRU Library JRU Library SHELF-58-F 15/10/2016 Purchase 395.00 21307 Books
    MINING JRU Library JRU Library SHELF-58-F 15/10/2016 Purchase 395.00 21308 Books